00536nam a2200193 a 4500001001300000003000900013005001700022008004100039020001100080082001700091100001500108245005900123260005300182300000900235500003500244505001700279650003100296700001500327nice12345678IN_TiNIC20260116013848.0050524s1975 shia grp 000 0 eng  ac22.500a294.535bSAH aSahay, K N aHindu Shrines of Chotanagpurb Case Study of Tanginath aShimlabIndian Institute of Advanced Studyc1975 a101p aincludes index and biblioraphy2 aBibliography aHindu Shrines-Chota Nagpur1 aSahay, K N